Participantes de A Fazenda 13 - Statistics

Estatísticas Gerais
  • Esse quiz foi jogado 54 vezes
  • A pontuação média é 15 de 22
Estatísticas das Respostas
Participante % Correto
Rico Melquiades
95%
Gui Araujo
89%
MC Gui
89%
Aline Mineiro
82%
Bil Araújo
82%
Dayane Mello
80%
Dynho Alves
80%
Solange Gomes
80%
Valentina Francavilla
70%
Erika Schneider
68%
Medrado
68%
Nego do Borel
68%
Tati Quebra Barraco
68%
Marina Ferrari
66%
Sthe Matos
66%
Tiago Piquilo
66%
Mileide Mihaile
64%
Erasmo Viana
57%
Victor Pecoraro
57%
Liziane Gutierrez
55%
Lary Bottino
48%
Mussunzinho
36%
Nenhum quiz correspondente encontrado
Distribuição das Pontuações
Porcentagem de Pessoas com Cada Pontuação
Percentil de Números Respondidos
Sua Pontuação Histórica
Você não jogou esse quiz